| 000 | 00444nam a2200169Ia 4500 | ||
|---|---|---|---|
| 003 | STCL | ||
| 008 | 181203s9999 xx 000 0 und d | ||
| 020 | _a9780312203412 | ||
| 040 |
_aSTCL _bEN _cSTCL |
||
| 082 | _222 | ||
| 100 | _aFoucault, Michel | ||
| 245 | 4 | _aThe Birth of Bio Politics: Lectures at the College De France 1978-1979 | |
| 260 |
_bPalgrave Macmillan _aNew York _c2008 |
||
| 300 | _a346 | ||
| 546 | _aEnglish | ||
| 942 |
_2ddc _cBK |
||
| 999 |
_c86995 _d86995 |
||